Napoléon III - Statistiques

Statistiques générales
  • Ce quiz a été pris 299 fois
  • Le résultat moyen est 13 sur 15
Statistiques - réponses
Hint Réponse % Correct
Année de naissance 1808
97%
Date de décès 9 Janvier 1873
92%
Institution financière créé vers 1856. Crédit Lyonnais
91%
Guerre qui mit brutalement fin à son règne. Guerre Franco-Prussienne
91%
Baron ayant modernisé les rues de Paris sous son règne. Haussmann
91%
Année du début de son règne en tant qu'empereur. 1852
89%
Père Louis Bonaparte
87%
Son fils,qui se prénomme Louis-Napoléon Bonaparte comme son père,sera engagé volontaire dans l'armée britannique.
Il meurt en 1879 à l'âge de 23 ans en combattant cette tribu indigène.
Zoulous
85%
Après sa libération par Bismarck en 1871, dans quel pays s'exile t-il avec sa famille ? Royaume-Uni
83%
Épouse Eugénie de Montijo
80%
Lieu de naissance Paris
79%
Mère Hortense de Beauharnais
78%
Souverain anglais pendant son règne. Victoria
78%
Aïeul Napoléon Ier
75%
Pays où il passe une partie de son enfance. Suisse
71%
Aucun quiz correspondant
Distribution des résultats
% des personnes avec chaque résultat
Percentile par nombre de réponses
Votre historique - résultats
Vous n’avez pas pris ce quiz